ផែនទីវិទ្យា (Record no. 9431)

000 -LEADER
fixed length control field 00292nam a22001217a 4500
040 ## - CATALOGING SOURCE
Transcribing agency HS
082 ## - DEWEY DECIMAL CLASSIFICATION NUMBER
Classification number 225
100 ## - MAIN ENTRY--AUTHOR NAME
Personal name អ៊ិត សុត្ថា
245 ## - TITLE STATEMENT
Title ផែនទីវិទ្យា
260 ## - PUBLICATION, DISTRIBUTION, ETC. (IMPRINT)
Place of publication Cambodia
Name of publisher អ៊ិត សុត្ថា
Year of publication 2011
300 ## - PHYSICAL DESCRIPTION
Number of Pages NA
942 ## - ADDED ENTRY ELEMENTS (KOHA)
Koha item type សៀវភៅភាសាខ្មែរ
952 ## - LOCATION AND ITEM INFORMATION (KOHA)
Withdrawn status [LOCAL, KOHA] 0
Holdings
Permanent Location Date acquired Koha item type Lost status Shelving location Barcode Current Location Full call number
Library Block C2016-09-01សៀវភៅភាសាខ្មែរ C041RUA062537Library Block C225 អ៊ិត 2011 C041
មជ្ឈមណ្ឌលឯការនៃសាកលវិទ្យាល័យភូមិន្ទកសិកម្មចំការដូង

Powered by Koha